Carregando...

Kottayam christhuvum mattu kavithakalum /

Detalhes bibliográficos
Autor principal: Ajeesh Dasan
Formato: Printed Book
Idioma:Malayalam
Publicado em: Kottayam: D C books, 2016.
Assuntos:
LEADER 00541 a2200157 4500
008 170916b xxu||||| |||| 00| 0 mal d
999 |c 115302  |d 115302 
020 |a 9788126467679 
082 |a 851.66A1 
100 |a Ajeesh Dasan 
245 |a Kottayam christhuvum mattu kavithakalum /  |c Ajeesh Dasan 
260 |b D C books,  |c 2016.  |a Kottayam: 
300 |a 112p.  |c 21 cm. 
650 |a Malayalam Poetry 
942 |2 ddc  |c BK 
952 |0 0  |1 0  |4 0  |6 851_000000000000000_66A1_KOT_M  |7 0  |9 124924  |a UL  |b UL  |c ST1  |d 2017-09-16  |l 0  |o 851.66A1 KOT M  |p 96736  |r 2017-09-16  |v 100.00  |y BK